000 00270nam a2200109 a 4500
005 20140414131945.0
008 110128s19uu xx 00 eng d
050 _aTR 372.7
_bK87 2006
100 _aKrech, Bob
245 _a50 Fillin maths word problems.
999 _c112659
_d112659